000 00492nam a2200133 a 4500
008 120416s1973 ||||||||||||||||| || u
050 _aT 57.85 Hoa
100 _aHoare, Henry Ronald
245 1 0 _aProject management using network analysis
260 _aLondon
_bMcGraw-Hill
_c[1973]
300 _aviii, 109p. : ill.
350 _a0.00
995 _D0.00
_FCBU-MAIN LIBRARY (Kitwe)
_H1
_I0.00
_M1
_UAVAILABLE
_ZMain Library Open Access Collection
999 _c55054
_d55054